| 000 | 00675nam a2200193 a 4500 | ||
|---|---|---|---|
| 001 | 000028635 | ||
| 005 | 20200930055041.0 | ||
| 008 | 110411d2009 dr abc 000 0 spa d | ||
| 020 | _z97899945002072 | ||
| 040 |
_aDO-SdBNP _bspa _cBNPHU |
||
| 082 |
_axxx _bR893e |
||
| 100 | 1 |
_aRozas Aristy, Eduardo _937777 |
|
| 245 | 1 | 0 |
_aEvolución de los lenguajes arquitectónicos / _cEduardo Rozas Aristy. |
| 260 |
_aSanto Domingo : _b[Editora Universitaria], _c2009. |
||
| 300 |
_a284 p. : _bil., retrs., mapas ; _c28 cm. |
||
| 504 | _aIncluye refencias bibliográficas al pie de las páginas | ||
| 590 | _aLa biblioteca posee tres ejemplar autografiado por el autor | ||
| 049 | _aBNPD | ||
| 999 |
_c28127 _d28127 |
||